Aquatic Microbiology Laboratory Manual (Record no. 331887)

000 -LEADER
fixed length control field nam a22 7a 4500
003 - CONTROL NUMBER IDENTIFIER
control field NUST
005 - DATE AND TIME OF LATEST TRANSACTION
control field 20171031160959.0
008 - FIXED-LENGTH DATA ELEMENTS--GENERAL INFORMATION
fixed length control field 171031b xxu||||| |||| 00| 0 eng d
040 ## - CATALOGING SOURCE
Transcribing agency 0
082 ## - DEWEY DECIMAL CLASSIFICATION NUMBER
Classification number 628 COO
100 ## - MAIN ENTRY--PERSONAL NAME
Personal name Cooper,Robert C.
9 (RLIN) 5787
245 ## - TITLE STATEMENT
Title Aquatic Microbiology Laboratory Manual
Statement of responsibility, etc. Robert C.Cooper
260 ## - PUBLICATION, DISTRIBUTION, ETC.
Name of publisher, distributor, etc. AEEP
Date of publication, distribution, etc. 1976
300 ## - PHYSICAL DESCRIPTION
Extent Various Pages
500 ## - GENERAL NOTE
General note P.B
942 ## - ADDED ENTRY ELEMENTS (KOHA)
Source of classification or shelving scheme
Koha item type Project Report
Call number prefix IESE
Holdings
Withdrawn status Lost status Source of classification or shelving scheme Damaged status Not for loan Collection code Permanent Location Current Location Shelving location Date acquired Total Checkouts Full call number Barcode Date last seen Price effective from Koha item type
            Institute of Environmental Science and Engineering (IESE) Institute of Environmental Science and Engineering (IESE) General Stacks 10/31/2017   628 COO IESE-382 10/31/2017 10/31/2017 Project Report
© 2023 Central Library, National University of Sciences and Technology. All Rights Reserved.